000 00824cam a2200217 4500
001 J3306
008 090401t1890 xxu||||| |||| 00| 0 eng d
035 _a(Sirsi) u54264
041 _aeng
100 _aStrahan, G.
245 _aAccount of the operations of the Great Trigonometric Survey of India. Volume XII General description of the principal triangulation of the Southern Trigon including the simultaneous reduction, and details of two of the component series the Great Arc Meridional, Sec. 8 to 18, and the Bombey Longitudinal.
260 _aDehra Dun
_bSurvey of India
_c1890
300 _axvii,206,91p. ; 30cm.
350 _a0
650 _aGREAT TRIGONOMETRICALNSURVEY OF INDIA
650 _aSURVEY OF INDIA
690 _aMAPPING
710 _aSurvey of India
_92931
942 _n0
948 _c04/03/1997
999 _c93448
_d93448